A glossary of literary terms

Bibliographic Details
Main Author: Abrams, M. H. (Author)
Format: Book
Language:English
Published: Florida : Holt,Rinehart and Winston,Inc. 1988
Edition:Firth edition
Subjects:

MARC

LEADER 00000cam a2200000 7i4500
001 0000003117
005 20240926.0
008 991202 flu eng
020 |a 0030119537 (pbk) 
040 |a INS   |b eng   |e rda 
090 0 0 |a RPN41   |b .A184 1988 
100 1 |a Abrams, M. H. ,   |e author 
245 1 2 |a A glossary of literary terms   |c M. H. Abrams 
250 |a Firth edition 
264 1 |a Florida :   |b Holt,Rinehart and Winston,Inc.   |c 1988 
264 4 |c ©1988 
300 |a ix, 260 pages ;   |c 24 cm. 
336 |a text  |2 rdacontent 
337 |a unmediated  |2 rdamedia 
338 |a volume  |2 rdacarrier 
500 |a Includes index 
650 0 |a Literature   |x Dictionaries 
999 |a 0000005029   |b BOOK   |c Red Spot   |e Default branch